000 00706nam a22001575i 4500
001 158380
003 ES-MaACL
005 20230906211122.0
008 040830s1877 sp |||| | spa d
110 2 _aAcademia Matritense de Jurisprudencia y Legislación.
_91204
245 1 0 _aMemoria leída en la Academia Matritense de Jurisprudencia y Legislación en la sesión inaugural del curso de 1877 a 1878 /
_cpor Rosendo Macaya y Anguera.
260 _aMadrid :
_b[s.n.],
_c1877 (
_fImp. del Ministerio de Gracia y Justicia)
300 _a31 p. ;
_c22 cm.
700 1 _aMacaya y Anguera, Rosendo.
_9129285
852 4 _aES-MaACL
_jT-251-F-5
_z- Enc. hol., falto de cub. original
_z- Enc. en un vol. facticio
999 _c158380
_d158380